| 000 | 00524nam a2200157Ia 4500 | ||
|---|---|---|---|
| 008 | 230907s9999||||xx |||||||||||||| ||und|| | ||
| 082 |
_a621.31 _bFAR |
||
| 100 |
_aMuhammad Farooq Azam (00000320080) _9116786 |
||
| 245 | 0 | _aAccelerated UV Testing and Characterization of PV Modules with different Encapsulants and Glass Sheets / | |
| 260 |
_aUSPCAS-E, NUST, _bIslamabad : _c2022 |
||
| 300 | _axi, 40 p. | ||
| 520 | _aTH-452 | ||
| 650 | _aMS-EEP Thesis MS Thesis | ||
| 700 |
_aDr Nadia Shahzad _9117122 |
||
| 942 |
_cTHE _2ddc |
||
| 999 |
_c602130 _d602130 |
||